Bandits and bureaucrats : the Ottoman route to state centralization

Saved in:
Bibliographic Details
Main Author: Barkey, Karen 1958-
Format: Book
Language:English
Published: Ithaca; London : Cornell University Press, 1994
Series:Wilder House series in politics, history, and culture
Subjects:
Tags: Add Tag
No Tags, Be the first to tag this record!

MARC

LEADER 00000nam a2200000 i 4500
001 1/3956
008 960502s1994 eng d
020 |a 0-8014-2944-7 
035 |l 10015404 
040 |a GR-MY-UA  |b gre  |e aacr 
041 0 |a eng 
082 0 |a 364.109561 
100 1 |a Barkey, Karen  |d 1958- 
245 1 0 |a Bandits and bureaucrats :  |b the Ottoman route to state centralization /  |c Karen Barkey 
260 |a Ithaca; London :   |b Cornell University Press,   |c 1994 
300 |a 282 p.  |b map 
490 1 |a Wilder House seres in politics, history, and culture 
504 |a Includes bibliographical references anmd index 
650 0 0 |a Brigands and robbers  |z Turkey  |x History  |y 17th century. 
650 0 0 |a Outlaws  |z Turkey  |x History  |y 17th century. 
650 0 0 |a Peasantry  |z Turkey  |x History  |y 17th century. 
650 0 0 |a Patron and client  |z Turkey  |x History  |y 17th century. 
650 0 0 |a Patronage, Political  |z Turkey  |x History  |y 17th century. 
650 0 0 |a Bureaucracy  |z Turkey  |x History  |y 17th century. 
651 0 |a Turkey  |x History  |y Ottoman Empire, 1288-1918. 
830 0 |a Wilder House series in politics, history, and culture 
852 |a INST  |b LESVOS  |e 19960502  |h 364.109561 BAR  |p 005100010419  |q 005100010419  |t BK  |y 0 
909 |a Λ  |b 044987